| 000 | 00861nam a22002177a 4500 | ||
|---|---|---|---|
| 003 | OSt | ||
| 005 | 20260313035019.0 | ||
| 008 | 260313b |||||||| |||| 00| 0 eng d | ||
| 020 | _a978-981-07-4558-5 | ||
| 040 |
_aDWCK GS lib _cOC |
||
| 082 | _aM479e 2010 | ||
| 100 | _aMCFARLANE, SUSANNAH | ||
| 245 |
_aEJ12 girl hero: rocky road _cSUSANNAH MCFARLANE |
||
| 260 |
_aNew York _bScholastic _c2010. |
||
| 300 |
_a121 p _c 20 cm. |
||
| 520 | _afollows 10-year-old Emma Jacks, who balances normal school life with her role as Special Agent EJ12 for the agency SHINE | ||
| 650 | _anew mission and gets to rock like a rock star for the night as she uncovers the code within the music from the pink shadows a top | ||
| 650 | _ato give her a girl hero who solved problems with her brain and her heart. Today | ||
| 700 | _aSUSANNAH MCFARLANE | ||
| 942 |
_2ddc _cFIC. _n0 |
||
| 999 |
_c9108 _d9108 |
||